| 000 | 01244nam a2200277 i 4500 | ||
|---|---|---|---|
| 001 | bg | ||
| 245 | 0 | 0 |
_aPrzedsiębiorczy i konkurencyjny region w teorii i polityce rozwoju regionalnego = _bThe enterpreneurial and competitive region in the theory and policy of regional development / _cpod red. Andrzeja Klasika. |
| 260 |
_aWarszawa : _bKPZK PAN, _c2005. |
||
| 490 | 1 |
_aBiuletyn / Polska Akademia Nauk. Komitet Przestrzennego Zagospodarowania Kraju, _x0079-3493 ; _vz. 218 |
|
| 500 | _aZbiór prac z konferencji międzyregionalnej i międzynarodowej. Tekst częściowo ang., streszcz. ang. przy pracach. | ||
| 504 | _aBibliogr. przy pracach. | ||
| 650 | 9 |
_aRegionalizacja gospodarcza _xpolityka |
|
| 650 | 9 |
_aRegionalizacja gospodarcza _xteoria |
|
| 650 | 9 |
_aPrzedsiębiorczość międzynarodowa _xzagadnienia |
|
| 650 | 9 |
_aKonkurencja _xzagadnienia |
|
| 655 | _aMateriały konferencyjne | ||
| 700 | 1 |
_aKLASIK, Andrzej. _eRed. |
|
| 830 | 0 |
_aBiuletyn (Polska Akademia Nauk. Komitet Przestrzennego Zagospodarowania Kraju) ; _vz. 218 |
|
| 020 | _a8389693402 | ||
| 040 | _cBPK | ||
| 041 | w | _apoleng | |
| 080 | _a332.1:339.92:339.137](438:4-67) | ||
| 920 | _a83-89693-40-2 | ||
| 942 | _cKS | ||
| 008 | s pl f |000 0 pol | ||
| 999 |
_c46042 _d46042 |
||
| 856 |
_uhttp://koha.tu.koszalin.pl/cgi-bin/koha/opac-detail.pl?biblionumber=46042 _yKatalog online BPK |
||